000 nam a22 7a 4500
999 _c128013
_d128013
008 180620b xxu||||| |||| 00| 0 eng d
050 _aBV4460.7
100 _aMazunda, Overtoun.
_941757
245 _aThe God of love and compassion:
_ba christian meditation on AIDS
_c/ by Overtoun Mazunda.(ed.)
260 _aZomba :
_bKachere series
300 _a9p.;
_c21cm.
650 _aChurch work with AIDS patients
_96346
942 _2lcc
_cMONOGRAPH